Informe segunda comisión: Evaluación de los acuerdos de Panamá

Gorde:
Xehetasun bibliografikoak
Erakunde egilea: CSUCA
Formatua: Texto
Argitaratua: San José :
Etiketak: Etiketa erantsi
Etiketarik gabe, Izan zaitez lehena erregistro honi etiketa jartzen!

MARC

LEADER 00000 a a2200000 04500
001 16672
003
040
090 |a 011600  
110 |a CSUCA  
245 |a Informe segunda comisión: Evaluación de los acuerdos de Panamá  
260 |a San José :  
300 |a 4 p.  
999 |c 8453  |d 8453